000 01280cam a2200361 a 4500
001 5582
003 FISKH
005 20241219091139.0
008 100715s2010 nyua c 000 0 eng
010 _a 2010280977
020 _a9780545175722 (pbk.)
040 _aDLC
_cDLC
_dDLC
_beng
050 _aQL737.C27
082 _a599.78
100 1 _aPallotta, Jerry.
245 1 0 _aPolar bear vs. grizzly bear /
_cby Jerry Pallotta ; illustrated by Rob Bolster.
246 1 _iAt head of title :
_aWho would win?
246 3 _aPolar bear versus grizzly bear
260 _aNew York :
_bScholastic,
_c2010.
300 _a32 pages :
_bcolor illustrations ;
_c23 cm
490 _aWho would win?
505 _aR
520 _aContains facts about polar bears and grizzly bears, comparing such aspects as their sizes, brain structure, and abilities.
521 8 _a720
_bLexile
521 8 _aR
_bRaz-Plus
650 0 _aPolar bear
_vJuvenile literature.
650 0 _aGrizzly bear
_vJuvenile literature.
700 1 _aBolster, Rob.
_eillustrator
906 _a7
_bcbc
_corigres
_d2
_encip
_f20
_gy-gencatlg
942 _2ddc
_cBK
_n0
999 _c5582
_d5582